<?xml version="1.0" encoding="UTF-8"?>
<record
    xmlns:xsi="http://www.w3.org/2001/XMLSchema-instance"
    xsi:schemaLocation="http://www.loc.gov/MARC21/slim http://www.loc.gov/standards/marcxml/schema/MARC21slim.xsd"
    xmlns="http://www.loc.gov/MARC21/slim">

  <leader>00930nam a2200265 a 4500</leader>
  <controlfield tag="001">BRL_252</controlfield>
  <controlfield tag="005">20190320210644.0</controlfield>
  <controlfield tag="008">080713s1992----au-o######---#000-0#ger-#</controlfield>
  <datafield tag="020" ind1=" " ind2=" ">
    <subfield code="a">3900467307</subfield>
  </datafield>
  <datafield tag="041" ind1=" " ind2=" ">
    <subfield code="a">ger</subfield>
  </datafield>
  <datafield tag="044" ind1=" " ind2=" ">
    <subfield code="a">au</subfield>
  </datafield>
  <datafield tag="050" ind1=" " ind2="4">
    <subfield code="a">PT3818</subfield>
    <subfield code="b">.Z45 1992</subfield>
  </datafield>
  <datafield tag="245" ind1="1" ind2="0">
    <subfield code="a">Die Zeit gibt die Bilder</subfield>
    <subfield code="b">Schriftsteller, die &#xD6;sterreich zur Heimat hatten</subfield>
    <subfield code="c">fotografiert von Alisa Douer ; herausgegeben von Ursula Seeber in Zusammenarbeit mit Evelyne Polt-Heinzl.</subfield>
  </datafield>
  <datafield tag="260" ind1=" " ind2=" ">
    <subfield code="a">Viena, Austria</subfield>
    <subfield code="b">Zirkular</subfield>
    <subfield code="c">1992</subfield>
  </datafield>
  <datafield tag="300" ind1=" " ind2=" ">
    <subfield code="a">158 p.</subfield>
    <subfield code="b">il.</subfield>
    <subfield code="c">30 cm.</subfield>
    <subfield code="e">folleto y hojas sueltas</subfield>
  </datafield>
  <datafield tag="500" ind1=" " ind2=" ">
    <subfield code="a">Au290</subfield>
  </datafield>
  <datafield tag="650" ind1="1" ind2="4">
    <subfield code="a">Autores austriacos</subfield>
    <subfield code="v">Biograf&#xED;as</subfield>
    <subfield code="y">Siglo XX</subfield>
    <subfield code="9">23361</subfield>
  </datafield>
  <datafield tag="650" ind1="1" ind2="4">
    <subfield code="a">Autores austriacos</subfield>
    <subfield code="v">Biograf&#xED;as</subfield>
    <subfield code="z">Viena, Austria</subfield>
    <subfield code="9">23362</subfield>
  </datafield>
  <datafield tag="651" ind1=" " ind2="4">
    <subfield code="a">Austria</subfield>
    <subfield code="v">Biograf&#xED;as</subfield>
    <subfield code="9">23363</subfield>
  </datafield>
  <datafield tag="700" ind1="1" ind2=" ">
    <subfield code="a">Douer, Alisa</subfield>
    <subfield code="e">il.</subfield>
    <subfield code="9">23364</subfield>
  </datafield>
  <datafield tag="700" ind1="1" ind2=" ">
    <subfield code="a">Seeber, Ursula</subfield>
    <subfield code="9">23365</subfield>
  </datafield>
  <datafield tag="700" ind1="1" ind2=" ">
    <subfield code="a">Polt-Heinzl, Evelyne</subfield>
    <subfield code="9">23366</subfield>
  </datafield>
  <datafield tag="902" ind1=" " ind2=" ">
    <subfield code="a">GRL</subfield>
  </datafield>
  <datafield tag="942" ind1=" " ind2=" ">
    <subfield code="2">lcc</subfield>
    <subfield code="c">B</subfield>
  </datafield>
  <datafield tag="999" ind1=" " ind2=" ">
    <subfield code="c">9065</subfield>
    <subfield code="d">9065</subfield>
  </datafield>
  <datafield tag="952" ind1=" " ind2=" ">
    <subfield code="0">0</subfield>
    <subfield code="1">0</subfield>
    <subfield code="4">0</subfield>
    <subfield code="7">0</subfield>
    <subfield code="a">BRL</subfield>
    <subfield code="b">BRL</subfield>
    <subfield code="d">2013-07-08</subfield>
    <subfield code="i">Au290</subfield>
    <subfield code="l">0</subfield>
    <subfield code="o">PT3818 .Z45 1992 (Au290)</subfield>
    <subfield code="p">GRL00268</subfield>
    <subfield code="r">2019-03-22 00:00:00</subfield>
    <subfield code="w">2019-03-22</subfield>
    <subfield code="y">B</subfield>
  </datafield>
</record>
